Prehistoria de México (Record no. 9378)

MARC details
000 -CABECERA
campo de control de longitud fija 00781nam a2200241 a 4500
001 - NÚMERO DE CONTROL
campo de control BRL_566
005 - FECHA Y HORA DE LA ÚLTIMA TRANSACCIÓN
campo de control 20190320210813.0
008 - DATOS DE LONGITUD FIJA--INFORMACIÓN GENERAL
campo de control de longitud fija 030913s1923----mx-#######---#000-0#spa-#
041 ## - CÓDIGO DE LENGUA
Código de lengua del texto/banda sonora o título independiente spa
044 ## - CÓDIGO DEL PAÍS DE LA ENTIDAD EDITORA/PRODUCTORA
Código MARC del país mx
050 #4 - SIGNATURA TOPOGRÁFICA DE LA BIBLIOTECA DEL CONGRESO
Número de clasificación F1219
Número de documento/Ítem P74 1923
100 1# - ENTRADA PRINCIPAL--NOMBRE DE PERSONA
Nombre de persona Plancarte y Navarrete, Francisco
Fechas asociadas al nombre 1856-1920
9 (RLIN) 24307
245 10 - MENCIÓN DE TÍTULO
Título Prehistoria de México
Mención de responsabilidad, etc. Obra Postuma del Ilmo. Sr. Arzobispo de Linares Dr. D. Francisco Plancarte y Navarrete
260 ## - PUBLICACIÓN, DISTRIBUCIÓN, ETC.
Lugar de publicación, distribución, etc. Tlalpam, D.F. (México)
Nombre del editor, distribuidor, etc. Iprenta del Asilo ´Patricio Sanz´
Fecha de publicación, distribución, etc. 1923
300 ## - DESCRIPCIÓN FÍSICA
Extensión 1014 p.
Dimensiones 24 cm.
500 ## - NOTA GENERAL
Nota general Au593
500 ## - NOTA GENERAL
Nota general Tiene algunas hojas desprendidas y pasta.
650 14 - PUNTO DE ACCESO ADICIONAL DE MATERIA--TÉRMINO DE MATERIA
Término de materia o nombre geográfico como elemento de entrada Mitología maya
9 (RLIN) 9659
650 14 - PUNTO DE ACCESO ADICIONAL DE MATERIA--TÉRMINO DE MATERIA
Término de materia o nombre geográfico como elemento de entrada Mitología Azteca
9 (RLIN) 2487
651 #4 - PUNTO DE ACCESO ADICIONAL DE MATERIA--NOMBRE GEOGRÁFICO
Nombre geográfico México
Subdivisión general Antigüedades
9 (RLIN) 2765
902 ## - CATALOGADOR
Iniciales GRL
942 ## - ELEMENTOS DE PUNTO DE ACCESO ADICIONAL (KOHA)
Fuente del sistema de clasificación o colocación Library of Congress Classification
Tipo de ítem Koha Libros
Holdings
Estado de retiro Estado de pérdida Estado dañado No para préstamo Localización permanente Ubicación/localización actual Fecha de adquisición Número de inventario Total de préstamos Signatura topográfica completa Código de barras Fecha visto por última vez Precio válido a partir de Tipo de ítem Koha
El ejemplar forma parte de la colección y puede ser consultado según las políticas vigentes.       Biblioteca Centro de Estudios Ruth D. Lechuga Biblioteca Centro de Estudios Ruth D. Lechuga 03/09/2013 Au593   F1219 P74 1923 (Au593) GRL00623 22/03/2019 22/03/2019 Libros